[Event "Senta op 19th"]
[Site "Senta"]
[Date "2015.07.14"]
[Round "5"]
[White "Atalik, Suat"]
[Black "Arsovic, Zoran"]
[Result "1/2-1/2"]
[WhiteElo "2564"]
[BlackElo "2418"]
[Annotator "Atalik,S"]
[PlyCount "66"]
[EventDate "2015.07.11"]
[EventType "swiss"]
[EventRounds "9"]
[EventCountry "SRB"]
[SourceTitle "EXT 2016"]
[Source "ChessBase"]
[SourceDate "2015.10.08"]
[SourceVersion "1"]
[SourceVersionDate "2015.10.08"]
[SourceQuality "1"]

1. d4 Nf6 2. c4 e6 3. Nc3 Bb4 4. f3 Nc6 $5 5. e4 O-O $5 {A confusing move
order.} (5... d5 6. cxd5 exd5 7. e5 Ng8 8. Bb5 Bd7 (8... Nge7 9. Nge2) 9. Bxc6
Bxc6 10. Nge2 $14) (5... e5 6. a3 Bxc3+ 7. bxc3 d6 8. Bg5 h6 9. Be3 $14) 6. Bg5
{I believe this is the most reliable response to what Zoran came up with.} (6.
Nge2 d5 $1) (6. a3 Bxc3+ 7. bxc3 Ne8 8. Bd3 b6 9. Nh3 Ba6 {transposes into a
known line.}) 6... e5 $5 (6... Be7 7. Be3 $5) (6... h6 7. Bh4 e5 8. Nge2 $13)
7. d5 Ne7 $5 {A very good reaction.} (7... Nd4 8. Nge2 c5 (8... Bc5 9. Na4) (
8... Nxe2 9. Bxe2) 9. Ng3 $13) 8. Bxf6 $5 {Taking with all the risks included
looked like the solution over the board.} (8. Nge2 Ng6 9. Be3 $5 (9. h4 h6 10.
Be3 d6 11. h5 Ne7 $13) 9... d6 10. Qd2 Bc5 11. Bxc5 dxc5 12. h4 h5 13. g3 $14)
8... gxf6 9. Qd2 d6 (9... f5 $2 10. Qg5+ Ng6 11. Qxd8 Rxd8 12. exf5 Nh4 13. g4
$16) 10. g4 c6 11. Nge2 cxd5 12. cxd5 {I have had a sharper alternative, but
it is not clear if it provides White with any advantage.} (12. Qh6 $5 Ng6 (
12... d4 $2 13. Ng3) 13. O-O-O Bxc3 (13... d4 $2 14. Nd5) 14. Nxc3 d4 15. Nd5
Be6 16. Bd3 Kh8 17. h4 Rg8 18. h5 Nf8 19. Nxf6 Rg7 20. Nd5 Nd7 $13 (20... Qg5+
21. Qxg5 Rxg5 22. h6 $13)) 12... Kh8 (12... Bd7 13. Qh6 Ng6 14. h4 $13) 13. Rg1
$6 {The start of an artificial plan: Rg1-g3-h3.} (13. Ng3 $142 Ng6 14. Nh5)
13... Bd7 14. Rg3 Rg8 (14... Bb5 $2 15. Rh3 Rg8 16. Ng3) 15. Rh3 Rg6 {Black
has a great plan in this sharp position.} (15... Rg5 $5 16. O-O-O (16. Ng3 $2
Ng6 17. Nh5 Rxh5 18. Rxh5 Nf4 $17) 16... Ng6 {is another idea.} 17. Kb1 Qb6 $17
) 16. Nc1 (16. a3 Bc5 $1) 16... Rc8 17. Nd3 Ba5 18. Rc1 Rg7 19. b4 Bb6 20. Ne2
Rxc1+ 21. Qxc1 a5 22. a3 axb4 23. axb4 Ba7 $1 {Sharp plans are abundant in the
position.} (23... f5 $6 24. gxf5 Nxf5 25. exf5 Bxf5 26. Ng3 Bxh3 27. Bxh3 Qh4
28. Qc8+ Rg8 29. Qf5 $13) 24. Ng3 Qb6 25. Nh5 Bb5 26. Qd2 {White has to accept
the fact that he is still worse here.} (26. Qh6 $2 Rg6 27. Qf8+ Ng8 $19) 26...
Rg6 27. Rg3 (27. Ng3 $6 Bxd3 28. Bxd3 Rg8 $19) 27... Bxd3 $2 {After this
unnecessary exchange White's worries are left behind.} (27... Qa6 28. Be2 $17)
(27... Qd4 28. Rg2 Qa1+ (28... f5 29. Nc1 Qxd2+ 30. Rxd2 Bxf1 31. exf5 $1 {
this intermezzo saves White.}) 29. Qd1 Qa6 $17) 28. Bxd3 Qd4 29. Rg2 (29. Kf1
f5 30. exf5 Nxf5 31. gxf5 Rxg3 32. hxg3 Qg1+ 33. Ke2 Qh2+ 34. Kd1 Qxh5 $11)
29... Bb6 30. Bb1 Qc4 31. Bd3 (31. Ba2 Qa6) 31... Qd4 (31... Qb3 32. Kf1 $11)
32. Bb1 Qc4 33. Bd3 Qd4 1/2-1/2

[Event "Bangkok op 14th"]
[Site "Bangkok"]
[Date "2014.04.15"]
[Round "5"]
[White "Atalik, Suat"]
[Black "Schebler, Gerhard"]
[Result "1-0"]
[WhiteElo "2562"]
[BlackElo "2451"]
[Annotator "Atalik,S"]
[PlyCount "171"]
[EventDate "2014.04.12"]
[EventType "swiss"]
[EventRounds "9"]
[EventCountry "THA"]
[SourceTitle "CBM 161"]
[Source "ChessBase"]
[SourceDate "2014.07.16"]
[SourceVersion "1"]
[SourceVersionDate "2014.07.16"]
[SourceQuality "1"]

1. d4 Nf6 2. c4 e6 3. Nc3 Bb4 4. f3 {My new affiliation!} c5 5. d5 b5 $5 {
The sacrificial line on which I have done some work, but even then my opponent
surprised me.} 6. e4 bxc4 7. Bxc4 exd5 $5 (7... Nxd5 {is the way to force the
recapture by the bishop.} 8. Bxd5 exd5 9. Qxd5 {goes back in the game.}) 8.
Bxd5 (8. exd5 O-O 9. Nge2 Ba6 $1 {did not impress me.}) 8... Nxd5 9. Qxd5 O-O
$5 {I could not really appreciate this move. It obviously deserves attention
but is it good or just risky?} (9... Nc6 10. Nge2 Ba6 11. Kf2 O-O 12. Rd1 $1 {
After this White should be somehow better due to the better pawn structure.}
Re8 (12... Ba5 13. a3 Rb8 14. Bg5 Qe8 15. Rab1) (12... Qb6 13. Be3 d6 14. Rab1
Rad8 15. a3 Bxc3 16. Nxc3 Ne5 17. b4 Bc4 18. Qd2 $14) 13. Bf4 Qb6 14. a3 Ba5
15. Rab1 $14) 10. Nge2 (10. Qxa8 $6 {did not make much sense.} Bxc3+ 11. bxc3
Nc6 {may turn out to be bad for White after the material balance is restored
when the queen vs 2 rooks middlegame arises.} 12. Ne2 Qa5 13. Bd2 Ba6 14. Qxf8+
Kxf8 15. Kf2 Ne5 $17) 10... Qb6 $1 (10... Nc6 11. O-O Ba6 12. Rd1 {transposes
into the regular lines.}) 11. Kf2 $5 {This turned out to be very risky.} ({
Safer lines are} 11. O-O Bb7 12. Qf5 c4+ (12... Qe6 13. Rd1 Qxf5 14. exf5 Re8
15. Bf4 $40) 13. Kh1) (11. a3 $5 Bb7 (11... Ba5 $6 12. Be3 $1 Qxb2 13. Kf2 $16)
(11... Bxc3+ 12. bxc3 Ba6 13. Be3 d6 14. Kf2 Nc6 15. Rab1 Qc7 16. Rhd1 Rad8 17.
Ng3 Ne7 18. Qa2 $11) 12. Qa2 Bxc3+ 13. bxc3 Ba6 14. Nf4 Nc6 15. Nd5 Qd8 16. Bf4
$13) 11... Bb7 12. Qd1 d5 $1 13. Nxd5 Bxd5 14. Qxd5 Nc6 $44 {Black has obvious
compensation for the sacrificed pawn and small decisions became very important
for the outcome.} 15. a3 $5 (15. Be3 Rad8 16. Qb3 Qa6 17. Rhd1 c4 18. Qc2 Rd3
$44) 15... Rad8 16. Qg5 h6 (16... f6 17. Qf5) 17. Qe3 (17. Qf4 c4+ 18. Be3 Bc5
19. Bxc5 Qxc5+ 20. Qe3 Qxe3+ 21. Kxe3 Rd3+ 22. Kf2 Rd2 23. Rhd1 Rxb2 24. Rab1
Ra2 $36 (24... Rfb8 25. Rxb2 Rxb2 26. f4 $13)) 17... Ba5 18. g4 $2 {Good or
bad I really had to go for this.} (18. b4 cxb4 19. Qxb6 Bxb6+ 20. Be3 $11)
18... Qa6 19. Nf4 c4 $2 (19... Nd4 20. Rb1 (20. b4 Bb6 21. bxc5 Bxc5 22. Kg2
Ne6 23. Qe1 Qc4 24. Nd5 Bd4) 20... Bc7 21. Qe1 Rfe8 22. h4 h5 23. g5 (23. gxh5
Qf6) (23. Nxh5 Nxf3) 23... f5 $19 {is grim for White but it is really
difficult to find it over the board.}) 20. Kg2 Nd4 (20... Ne5 $5 $44) 21. Rb1
Rfe8 $2 (21... Bb6 $142 22. Qc3 (22. Qe1 Rfe8 $40) 22... Ba5 23. Qe3 $11) 22.
Qf2 Bc7 23. Rd1 $2 {A silly mistake!} (23. Be3 $142 Bxf4 24. Bxf4 Nb3 $44)
23... Bxf4 $2 {He had a not very obvious but a very strong winning line} ({with
} 23... Qa4 $1 24. Re1 (24. Bd2 $2 Bxf4 25. Bxf4 Ne6) (24. Be3 $2 Nc2 25. Nd5
Rxd5 26. Rxd5 Nxe3+ 27. Qxe3 Qc2+ $19) (24. Rf1 Nxf3 25. Kxf3 Qc6 26. Re1 Bxf4
27. Bxf4 Rd3+ 28. Kg2 Rxe4 29. Kg1 Rf3 $19) 24... Nc2 25. Re2 Bb6 $40) 24. Bxf4
(24. Rxd4 Rxd4 25. Qxd4 Be5 26. Qd1 Rb8 $40) 24... Ne6 $138 (24... Nb3 $142 25.
Be3 Rd3 $44) 25. Be3 Rd3 (25... Rxd1 26. Rxd1 c3 {is the game.}) 26. Rbc1 (26.
Rxd3 cxd3 27. Rd1 Qb5 28. Rd2 a5 $44) 26... Rxd1 {He changed his mind and
possibly with a good reason behind it.} (26... Red8 27. Rxd3 cxd3 28. Qd2 $16)
27. Rxd1 c3 28. bxc3 $6 {Always the wrong decision!} (28. Rc1 cxb2 29. Qxb2 Rd8
30. h4 $16) 28... Qxa3 29. c4 Rc8 30. c5 g5 31. Rc1 (31. h4 gxh4 32. Re1 Rb8
33. Re2 Rb3 34. Ra2 Qb4 $13) 31... Qa4 32. Qc2 Qxc2+ 33. Rxc2 a5 34. Kf2 (34.
c6 a4 35. Bb6 a3 36. c7 f6 37. Kg3 Nxc7 $14) (34. Ra2 Ra8 35. Ra4 Kf8 $14) (34.
Kg3 $142 a4 35. h4 {looks like the way to proceed since throwing in h4 is of
high priority.}) 34... a4 35. Ke2 a3 36. Kd2 a2 37. Rxa2 Nxc5 38. h4 (38. Rc2
Nb3+ (38... Rd8+ 39. Ke2 Ne6) 39. Kd3 Rxc2 40. Kxc2 Na5 $14) 38... Ne6 (38...
gxh4 $5 {is my choice.} 39. Bxh6 (39. Bxc5 Rxc5 40. f4 h3 $11 {No
Gligoric-Euwe, Zürich 1953 today especially in this part of the world!}) 39...
h3 40. Ke3 Kh7 41. Bf4 Ne6 42. Be5 Kg6 43. Kf2 f6 $13) 39. Ra5 f6 40. Ra6 Kf7
41. h5 Rc7 42. Rb6 Ke7 43. Kd3 Kf7 44. Rd6 Ke7 45. Ra6 $2 {A very bad
judgement which could leave my rook stuck there.} Rd7+ $2 {He could have
immediately punished my unnecessary mistake with a forced draw.} (45... Nc5+ $1
46. Bxc5+ Rxc5 47. Kd4 Rb5 48. Kc4 Re5 49. Ra7+ Kf8 50. Rh7 Kg8 51. Rxh6 Kg7
52. Rg6+ Kf7 53. Kd4 Ra5 54. Ke3 Ra3+ 55. Kf2 Ra2+ 56. Kg3 Ra5 $1 (56... Ra3 $2
57. e5 $18) 57. f4 Ra3+ 58. Kf2 Ra2+ $11 {and lateral checks provide Black
with an easy draw.} (58... gxf4 59. g5)) 46. Kc4 Rc7+ 47. Kb4 Rb7+ 48. Kc3 Rc7+
49. Kd2 Rd7+ 50. Ke1 Rb7 51. Bb6 $1 $14 {I have started to line up my pieces
to push e5!} Kf7 52. Kf2 Rd7 53. Ba5 Rb7 54. Bc3 Rc7 55. Ba1 Rc5 56. Ke3 Rc7
57. Rb6 Ra7 58. Bb2 Rd7 59. e5 $1 fxe5 60. Bxe5 Ra7 (60... Re7 61. Bd6 {
and the game continues.} (61. Ke4 $2 Nc5+)) 61. Rb8 Ra3+ 62. Ke2 $1 {I have to
hide my king before any active operation.} (62. Ke4 $2 Nc5+ (62... Ra4+ 63. Kf5
Ng7+ 64. Bxg7 Rf4+ $11) 63. Kd5 Nd7 64. Rb7 Ke8 65. Bg7 Rxf3 66. Bxh6 Rd3+ 67.
Kc4 Ne5+ $11) 62... Ra2+ 63. Kf1 Ra6 $2 {This turns out to be bad!} ({He
should never stop attacking the bishop.} 63... Ra5 $1 64. Rb7+ Kg8 65. Bb2 Nf4
$132 {is good enough to keep the balance.}) 64. Rb7+ Kg8 65. Re7 Kf8 66. Rh7
Nd8 (66... Nf4 $2 67. Bxf4 gxf4 68. Rd7 Ra3 69. Ke2 Re3+ 70. Kf2 Re6 71. Rd4
Rf6 72. Ke2 Ke7 73. Kd3 Kf7 74. Ke4 Kg7 75. Ke5 $18) 67. Rh8+ Ke7 68. Bg7 Nf7
69. Rb8 Rc6 70. Kf2 Ra6 71. Kg3 Rc6 72. Rg8 Kd7 73. Ra8 Ke7 74. Bf8+ Kd7 75.
Ra7+ Ke6 76. Ba3 Kf6 (76... Nd6 77. Bb2 Nf7 78. Bg7 $1 Rb6 79. Ra1 Kd7 80. Rd1+
Ke7 81. Re1+ Kd7 82. Bf8 Rf6 (82... Re6 83. Rxe6 Kxe6 84. Bg7 $1 Kd5 85. f4 $18
) 83. Re7+ Kd8 84. Rxf7 Rxf7 85. Bxh6 $18) 77. Bb2+ Ke6 78. Ra8 $6 $138 (78.
Bg7 $1 $18 {wins as is already mentioned above.}) 78... Rb6 79. Re8+ (79. Bg7
$18) 79... Kd7 80. Rf8 Ke7 81. Ba3+ $2 {The wrong diagonal as I have already
indicated!} Ke6 $2 {The bishop should never return to a1-h8 diagonal to land
on g7!} (81... Kf6 $2 82. Bc5 Rc6 83. Bd4+ Ke7 84. Bg7 $18) (81... Nd6 $1 82.
Rh8 (82. Rg8 Kf7 83. Rg6 Nc4 $11) 82... Kf7 83. Bc5 (83. Rxh6 Nf5+ 84. gxf5
Rxh6 $11) 83... Rc6 84. Bd4 Nb5 $11 {and Black makes a draw by attacking the
white bishop.}) 82. Rg8 $2 {The usual mistake!} (82. Re8+ Kd5 83. Bf8 Rb3 84.
Bg7 $18) 82... Kd7 $2 $138 {The final mistake.} (82... Ne5 $8 83. Bc5 Rb3 84.
Rf8 $14) 83. Rg6 $1 $18 {This concludes the game immediately by exchanging the
rooks by force.} Re6 84. Bf8 Rc6 85. Rxc6 $1 Kxc6 86. f4 (86. f4 gxf4+ (86...
Kd5 87. fxg5 hxg5 88. Bg7) 87. Kxf4 Kd7 88. Kf5 Ke8 89. Bg7 Ke7 90. Kg6 Ke6 91.
Kh7 $1 $18 (91. Bxh6 $2 Ne5+ 92. Kg5 Nf7+ $11)) 1-0

[Event "Lee Cup 3rd"]
[Site "Beijing"]
[Date "1996.??.??"]
[Round "3"]
[White "Atalik, Suat"]
[Black "Ulybin, Mikhail"]
[Result "1-0"]
[WhiteElo "2525"]
[BlackElo "2550"]
[Annotator "Atalik,S"]
[PlyCount "73"]
[EventDate "1996.08.??"]
[EventType "swiss"]
[EventRounds "11"]
[EventCountry "CHN"]
[SourceTitle "CBM 054 Extra"]
[Source "ChessBase"]
[SourceDate "1996.11.01"]
[SourceVersion "1"]
[SourceVersionDate "1996.11.01"]
[SourceQuality "1"]

1. d4 e6 (1... Nf6 $145 2. c4 e6 3. Nc3 Bb4 4. Nf3 c5 5. g3 {E20} Ne4 (5... b6
6. Bg2 Bb7 7. O-O Bxc3 8. bxc3 Nc6 9. Be3 $5 d6 (9... Na5 $6 10. dxc5 Nxc4 11.
Bd4 bxc5 12. Bxc5 Ne4 13. Qd4 Nxc5 14. Qxg7 $1 Rf8 15. Qd4 $18) 10. d5 Na5 11.
dxe6 fxe6 12. Bf4 e5 13. Bg5 O-O 14. Nd2 Bxg2 15. Kxg2 {xd5}) (5... Nc6 6. Bg2
Qa5 (6... Ne4 7. Qd3 cxd4 8. Nxd4 Nxc3 9. bxc3 Ne5 10. Qc2 Bc5 (10... Be7 11.
Qb3 O-O 12. Bf4) 11. Qa4 O-O 12. Nb3 d6 13. Nxc5 dxc5 14. Bf4 Ng6 15. Be3 Bd7
16. Qb3 b6 17. Bxa8 Qxa8 18. f3 {xe4} Ne5 19. O-O Nc6 20. Qd1 $1 Rd8 21. Qd6
$40) 7. O-O Bxc3 8. bxc3 Qxc3 9. Bf4 Qxc4 10. Rc1 Qxa2 11. dxc5 O-O 12. Bd6 Rd8
(12... Re8 13. Nd4 Nxd4 14. Qxd4 Qxe2 15. Be5 Qh5 16. h3 $1 $16) 13. Nd4 Ne8
14. Bf4 Nxd4 15. Qxd4 Qxe2 16. Rfe1 Qh5 17. Qb4 $1 Qg6 18. h4 h6 19. Qa5) 6.
Qd3 Qa5 7. Qxe4 Bxc3+ 8. Bd2 Bxd2+ 9. Nxd2 Nc6 10. dxc5 $5 $146 Qxc5 11. Bg2
O-O 12. O-O) 2. Nf3 c5 3. c4 cxd4 4. Nxd4 Nf6 5. Nc3 Bb4 6. g3 O-O (6... Ne4 7.
Qd3 Qa5 (7... Bxc3+ 8. bxc3 Nc5 9. Qd2 b6 10. Nb5 O-O 11. Nd6 Ba6 (11... Bb7
12. Nxb7 Nxb7 13. Ba3 Re8 14. Bg2 Qc8 (14... Nc6 15. Rd1 $16) 15. Rd1 d6 16.
Bxd6 Rd8 17. O-O $1 $16) 12. Bg2 Nc6 13. O-O Rb8 14. Ba3 Na5 15. Qd4 Nab7 16.
Nb5 $1 $16) 8. Nb3 Nxc3 (8... Qf5 9. Qe3 Nc6 10. Bg2 Nd6 (10... Nc5 11. Nd4 Qe5
12. Nxc6 Qxe3 13. Bxe3 bxc6 14. O-O-O Rb8 15. Kc2 Ba6 16. b3 d5 17. a3 $1 $18)
(10... Nxc3 11. bxc3 Be7 12. O-O O-O 13. c5 Rd8 14. Ba3 $1 d6 (14... b6 $6 15.
Nd4 Nxd4 16. cxd4 Rb8 17. c6 $1 $18) 15. cxd6 Bxd6 16. Bxd6 Rxd6 17. Rad1 $16)
11. c5 Nc4 12. Qd3 Qxd3 13. exd3 N4a5 14. Nxa5 Nxa5 15. Be3 d6 16. cxd6 Bd7 17.
O-O Bxd6 18. Ne4 Be7 19. Rfc1 Nc6 20. Nc5 Bxc5 21. Rxc5 $16) 9. Bd2 Ne4 10.
Qxe4 Bxd2+ 11. Nxd2 O-O 12. Bg2 Nc6 13. Qd3 (13. Qf4 e5 14. Qe3 Nd4 15. Qd3 d5
16. Bxd5 Bf5 17. e4 Bh3 18. a3 Kh8 19. O-O-O) 13... Qe5 14. Rb1 Nb4 15. Qb3 a5
16. a3 Nc6 17. Nf3 Qe4 18. O-O) 7. Bg2 d5 8. cxd5 Nxd5 9. Qb3 Nc6 (9... Qb6 10.
Bxd5 exd5 (10... Qxd4 11. Bg2 Nc6 12. Be3 $1) 11. Be3 Bh3 (11... Qa5 12. Rc1
Nc6 (12... Bh3 13. a3 Bxc3+ 14. Qxc3 Qxc3+ 15. Rxc3 Nc6 16. Nxc6 bxc6 17. Kd2
Rfb8 18. b3 $14) 13. O-O Nxd4 14. Bxd4 Bh3 15. Rfd1 Bxc3 16. Rxc3 {with the
idea of 17.g4} Be6 (16... Qa6 $4 17. g4 $1 Bxg4 18. Rg3 Qxe2 19. f3 f5 20. fxg4
fxg4 21. Rg2 $18) 17. Qxb7 Qxa2 (17... Rab8 18. Qc7) 18. Qc7 $36) (11... Nc6
12. Rd1 $1 (12. Nxc6 Qxc6 13. Qxb4 d4 14. f3 dxe3) 12... Qa5 13. O-O Bh3 14.
Rfe1 Rac8 15. Rc1 Ne5 16. Ndb5 $5 Be6 17. Nd4 $10) 12. Nc2 $1 (12. g4 $5 Nc6
13. Nxc6 Qxc6 14. Rg1 Bxc3+ 15. Qxc3 Qxc3+ 16. bxc3 f5 17. Rd1 Bxg4 18. Rxd5
Rae8 19. Kd2 a6 (19... Bxe2 20. Kxe2 (20. Rd7 Bg4) (20. Bd4 g6 (20... Rf7 21.
Re1 Rfe7 22. Rxf5) 21. Re1 Ba6 22. Rd7) 20... f4 21. Rd7 Rf7 $10) 20. f3 Bh5
21. Bd4 Rf7 22. Rg5 g6 23. Rg3 $14) (12. Rc1) 12... Bxc3+ 13. Qxc3 Qe6 14. Nd4
{with the idea of 15.f3,16.Kf2}) (9... Qa5 10. Bd2 Na6 (10... Nc6 11. Nxc6 bxc6
12. O-O {-9...Nc6 10.Nc6 bc6 11.0-0 Qa5 12.Bd2}) 11. O-O Nxc3 12. Bxc3 Bxc3 13.
Qxc3 Qxc3 14. bxc3 Nc5 15. Nb3 $16) (9... Na6 10. O-O Nc5 (10... Nxc3 11. bxc3
Be7 12. Rd1 Nc5 13. Qc4 $1 e5 (13... Bd7 14. Ba3 Rc8 15. Nc6 Bxc6 16. Rxd8
Rfxd8 $44) (13... b5 14. Qxb5 Ba6 15. Qb2 Rc8 $44) 14. Ba3 Qa5 15. Nb5 $1 a6
16. Bxc5 axb5 17. Qb4 Qxb4 18. cxb4 Bxc5 19. bxc5 $14) 11. Qc2 $1 Bxc3 12. bxc3
Bd7 13. Nb3 Qc7 (13... Ba4 $6 14. Ba3 Rc8 15. c4 $1 $16) 14. c4 Na6 15. Ba3
Rfc8 16. Rac1 b5 17. c5 Bc6 18. e4 Ndb4 19. Qe2 Rd8 20. Rfd1 e5 21. Bf1 Rab8
22. f3 Be8 23. Rxd8 Rxd8 24. Rd1 Nc6 25. Rd5 $14) 10. Nxc6 bxc6 11. O-O Rb8 (
11... Qa5 12. Bd2 Nxc3 (12... Bxc3 13. bxc3 Ba6 14. Rfd1 $1 Qc5 (14... Rab8 15.
c4 Qc5 16. cxd5 Rxb3 17. axb3 Bxe2 18. Re1 Bb5 19. dxc6 Bxc6 $140 $2 20. Rac1
$1 $18) 15. e4 Bc4 16. Qa4 Nb6 17. Qb4 Qxb4 18. cxb4 Rfd8 19. Be3 Bb5 20. Rxd8+
Rxd8 21. Bxb6 $5 axb6 22. a4 Ra8 23. a5 $14) 13. Bxc3 Bxc3 14. bxc3 Ba6 15. Qb4
Qxb4 (15... Qc7 16. c4 c5 17. Qa3 Bb7 18. Bxb7 Qxb7 19. Qxc5 Rfc8 20. Qb5 $16)
(15... Qb6 16. Rfb1 Bxe2 17. Qxb6 axb6 18. Rxb6 Bb5 19. Bxc6 Bxc6 20. Rxc6 Ra3
21. Rc7 $14) 16. cxb4 Rab8 17. a3 $1 $14) (11... a5 12. Rd1 Qe7 13. Bd2 Ba6 14.
Bf3 Rfd8 15. a3 Bxc3 16. Bxc3 a4 17. Qc2 Bb5 18. Bd4 e5 19. Bc5 Qe6 20. Rd2 Rd7
21. Rad1 Rad8 22. Be4 $36) 12. a3 $146 Nxc3 13. bxc3 Bd6 14. Qa4 Qc7 15. Qxc6 (
15. Bxc6 $6 Rb6 16. Bf3 Qxc3 17. Be3 Ra6 $15) 15... Qxc6 16. Bxc6 Ba6 (16...
Rb3 17. Bd2 (17. Rd1 Be5 18. Be3 Rxc3 19. Rac1 Rxc1 20. Bxc1 Ba6 21. Bf3 Bb5
22. Bf4 Bxf4 23. gxf4 $10) (17. c4 Ba6 18. Ba4 Rb7 $10) 17... Rxa3 (17... Ba6
18. Bf3 Bxa3 19. Bc1 $1 Bxc1 20. Rfxc1 Rb6 21. c4) 18. Rxa3 Bxa3 19. Ra1 Bc5
20. Be3 Bxe3 21. fxe3 a6 22. c4 Rd8 23. Rb1 Kf8 24. Rb8 Ke7 25. Ra8 (25. c5 Bd7
26. Rb7 Ke8) 25... Kd6 26. Bf3 (26. Bb7 Kc7 27. Bxc8 Rxc8 28. Rxa6 Kb7 29. Ra4
$14) 26... Kc5 $140 27. Kf2) 17. Bf3 Rb3 (17... Rfc8 18. Rd1 Be5 19. Bf4 Bxf4
20. gxf4 $16 Rxc3 $140 21. Rd7) 18. Rd1 Bc5 (18... Be5 19. Bd2 $1 $16 (19. Be3
Bxc3 20. Rac1)) 19. Be3 $1 Bxe3 (19... Bxa3 $2 20. Rd7 Bc4 21. Rc7 $1 $16) 20.
fxe3 Rxc3 21. Rd7 Rxe3 22. Kf2 Rb3 23. Rxa7 Bc4 24. a4 Rb2 (24... Bd5 25. Bxd5
exd5 26. a5 Rb2 27. a6 Re8 28. Rb7 $1 Rexe2+ (28... Rbxe2+ 29. Kf1 Rxh2 30. Kg1
Rc2 31. a7 Rcc8 32. Rab1 $18) 29. Kf3 Rf2+ 30. Ke3 $18) 25. a5 g6 (25... Bd5
26. Bxd5 exd5 27. a6 Re8 28. Rb7 {-24...Bd5}) 26. Rb7 $18 Rxb7 27. Bxb7 Rb8 28.
a6 Bxa6 29. Bxa6 h5 $138 30. Rc1 Rb6 31. Bc8 Kg7 32. Rc7 Kf8 33. Bb7 Rb3 34.
Ba6 Ra3 35. Bc4 Rc3 $2 (35... Ra1 $142 36. Kf3 Rh1 37. h3 $1 Rf1+ 38. Kg2 Re1
39. Kf2 Rh1 40. e4 $5 (40. h4 $142 Ra1 41. e3 $1 Rb1 42. Kf3 Rg1 43. e4 Re1 44.
Kf4 Rg1 45. e5 Rg2 46. Kg5 Rxg3+ 47. Kh6 {-40.e4!?}) 40... Rh2+ (40... h4 41.
Bf1 hxg3+ 42. Kg2 Rh2+ 43. Kxg3 Rb2 44. Bc4 $18) 41. Kf3 Rh1 (41... h4 42. Bf1
$1 hxg3 43. Bg2 $18) 42. h4 Rg1 43. e5 Re1 44. Kf4 Rg1 (44... Ke8 45. Bxe6 $3
fxe6 46. Rg7 Rf1+ 47. Kg5 Rf5+ (47... Rf3 48. Rxg6 $1 Rxg3+ 49. Kxh5 Re3 50.
Rxe6+ Kd7 51. Rd6+ Ke7 52. Rd5 $18) 48. Kxg6 Rxe5 49. Kh6 $1 $18) 45. Kg5 $3
Rxg3+ 46. Kh6 Re3 47. Rc5 $1 Ke7 $8 48. Kg7 $1 (48. Bb5 $5 Kd8 $1 49. Kg7 Rf3
50. Ba6 $1 {-48.Kg7!} (50. Rc4 Rf5 51. Rd4+ Kc7 52. Rd7+ Kb6 53. Bd3 Rf3 $13))
48... Rc3 (48... Re4 49. Bb5 Rb4 50. Rc7+ Kd8 51. Rd7+ Kc8 52. Bc6 Rb6 53. Rd6
Kc7 54. Kxf7 Rxc6 55. Rxc6+ Kxc6 56. Kxe6 $18) 49. Rc8 $1 Re3 (49... Rc1 50.
Bxe6 $18) 50. Rc7+ Kd8 51. Rc5 $1 (51. Rxf7 Rxe5 52. Bd3 (52. Rf4 g5 53. Rd4+
Ke7) 52... Rd5 $1 (52... g5 53. Kf6 Re3 (53... Rd5 54. Be4 Rd4 55. Ke5) 54.
hxg5 (54. Rf8+ Kc7 55. hxg5 Rxd3 56. Rh8 $1 (56. g6 Rf3+ 57. Kg7 Rg3 58. Kh6 h4
59. Rf4 h3 60. g7 Kd6 61. Kh7) 56... Kd7 (56... Rf3+ 57. Kxe6 Rg3 58. Kf5 Rf3+
59. Kg6) 57. g6 Rf3+ 58. Kg7 e5 59. Rxh5 e4 (59... Ke6 60. Kh7 e4 61. g7 Rg3
62. g8=Q+) 60. Kh7 e3 61. g7 Rg3 (61... e2 62. g8=Q e1=Q 63. Qd5+) 62. g8=Q)
54... Rxd3 55. g6 (55. Rf8+ Kd7 56. g6 Rf3+ 57. Kg7 Rg3 58. Kh6 h4) 55... Rf3+
56. Kxe6 Re3+ 57. Kf6 Ke8 $1 $10) 53. Bxg6 Rd4 $10) 51... Rf3 (51... Ke7 52.
Bb5 Re4 53. Rc7+ Kd8 54. Rd7+ Kc8 55. Rxf7 Rxe5 56. Ba6+ Kd8 57. Kxg6 $18) 52.
Ba6 Ra3 (52... Rf4 53. Rc8+ Kd7 $8 54. Rf8 Rxh4 55. Rxf7+ Kc6 56. Kf6) 53. Rc8+
Kd7 54. Ra8 Re3 55. Kxf7 Rxe5 56. Kxg6) 36. Rc8+ Ke7 37. Bxe6 1-0